Handbook of Insects / (Record no. 74235)

MARC details
000 -LEADER
fixed length control field 00657nam a22001937a 4500
005 - DATE AND TIME OF LATEST TRANSACTION
control field 20130612163902.0
010 ## - LCCN (DPL NO)
LC control number B-505279-286
020 ## - INTERNATIONAL STANDARD BOOK NUMBER
International Standard Book Number 9788192173832
Terms of availability 1250.00
035 ## - SYSTEM CONTROL NUMBER
System control number B-505279-286
037 ## - SOURCE OF ACQUISITION
Source of stock number/acquisition RBC/Ven
082 ## - DEWEY DECIMAL CLASSIFICATION NUMBER
Classification number 595.7
245 ## - TITLE STATEMENT
Title Handbook of Insects /
Statement of responsibility, etc by Praveen Gulati
260 ## - PUBLICATION, DISTRIBUTION, ETC. (IMPRINT)
Place of publication, distribution, etc New Delhi
Name of publisher, distributor, etc BIO-Green Books
Date of publication, distribution, etc c2012
270 ## - ADDRESS
Address 4760-60/23, Ansari Road, Daryaganj
City New Delhi
Postal code 110002
300 ## - PHYSICAL DESCRIPTION
Extent xii,410p.
Other physical details ill.
Dimensions 22cm(Hb)
500 ## - GENERAL NOTE
General note It include index and bibliography
942 ## - ADDED ENTRY ELEMENTS (KOHA)
Source of classification or shelving scheme Dewey Decimal Classification
Item type English Books
Call number suffix GUL
Classification part 595.7
Holdings
Withdrawn status Lost status Not for loan Collection code Home library Current library Date acquired Source of acquisition Cost, normal purchase price Full call number Barcode Copy number Cost, replacement price Koha item type
      Non-fiction Bawana Bawana 12/06/2013 RBC/33742/19.03.2013/178/08.03.2013/20.03.2013 1250.00 595.7 GUL B-505284 1 1250.00 English Books
      Non-fiction Central Library Central Library 12/06/2013 RBC/33742/19.03.2013/178/08.03.2013/20.03.2013 1250.00 595.7 GUL B-505279 1 1250.00 English Books
      Non-fiction Janak Puri Janak Puri 12/06/2013 RBC/33742/19.03.2013/178/08.03.2013/20.03.2013 1250.00 595.7 GUL B-505281 1 1250.00 English Books
      Non-fiction Patel Nagar Patel Nagar 12/06/2013 RBC/33742/19.03.2013/178/08.03.2013/20.03.2013 1250.00 595.7 GUL B-505280 1 1250.00 English Books
      Non-fiction Sarojini Nagar Sarojini Nagar 12/06/2013 RBC/33742/19.03.2013/178/08.03.2013/20.03.2013 1250.00 595.7 GUL B-505282 1 1250.00 English Books
      Non-fiction Shahdara Branch Shahdara Branch 12/06/2013 RBC/33742/19.03.2013/178/08.03.2013/20.03.2013 1250.00 595.7 GUL B-505285 1 1250.00 English Books
      Non-fiction Vinoba Puri Vinoba Puri 12/06/2013 RBC/33742/19.03.2013/178/08.03.2013/20.03.2013 1250.00 595.7 GUL B-505283 1 1250.00 English Books
      Non-fiction Yojana Vihar Yojana Vihar 12/06/2013 RBC/33742/19.03.2013/178/08.03.2013/20.03.2013 1250.00 595.7 GUL B-505286 1 1250.00 English Books

© Delhi Public Library
Hit Counter
free hit counter